| 000 | 07469cam a22007215a 4500 | ||
|---|---|---|---|
| 005 | 20090122101714.0 | ||
| 008 | 080922s2007 enk j 000 f eng | ||
| 010 | _aB-358907 | ||
| 020 |
_a9788128614743 _c199.00 |
||
| 035 | _aB-358907 | ||
| 035 | _aB-333122-154 | ||
| 037 | _bBlueberry Books | ||
| 040 |
_adpl _bEnglish |
||
| 082 | _aN | ||
| 100 |
_aJohns, W. E. _q(William Earl), |
||
| 245 |
_aBiggles the fire in provence-2 / _cby W.E. Johns; illustrated by Eric Loutte |
||
| 260 |
_aMumbai _bEuro Books _c2007 |
||
| 270 |
_aDani Corporate Park, 158, Vidyanagari Marg, Kalina, Santacruz _bMumbai _e400098 |
||
| 300 |
_a46p. _bill. _c31cm.(pbk) |
||
| 500 | _agraphic novel | ||
| 650 |
_aBiggles (Fictitious character) _vJuvenile fiction. |
||
| 650 |
_aAir pilots _zGreat Britain _vJuvenile fiction. |
||
| 650 | _aChildren's stories, English. | ||
| 650 | _aAdventure stories, English. | ||
| 700 | _aLoutte, Eric | ||
| 942 |
_2ddc _cCH _hN _mJOH |
||
| 999 |
_c22091 _d22091 |
||